Nintendo Gaming Consoles - Statistics

General Stats
  • This quiz has been taken 197 times
  • The average score is 12 of 16
Answer Stats
Hint Answer % Correct
2006 Wii
94%
2012 Wii U
90%
1989 Game Boy
87%
2017 Nintendo Switch
87%
1996 Nintendo 64
85%
2004 Nintendo DS
85%
2001 Gamecube
84%
2011 Nintendo 3DS
82%
2001 Game Boy Advance
76%
1998 Game Boy Color
75%
1983 Nintendo Entertainment System
75%
1990 Super Nintendo Entertainment System
73%
2019 Nintendo Switch Lite
56%
2021 Nintendo Switch OLED
49%
1995 Virtual Boy
47%
2011 Nintendo 2DS
19%
No matching quizzes found
Score Distribution
Percent of People with Each Score
Percentile by Number Answered
Your Score History
You have not taken this quiz